Good Samaritan : (Record no. 14850)
[ view plain ]
| 000 -LEADER | |
|---|---|
| fixed length control field | 02376cam a22003494a 4500 |
| 001 - CONTROL NUMBER | |
| control field | 12595669 |
| 005 - DATE AND TIME OF LATEST TRANSACTION | |
| control field | 20021120141923.0 |
| 008 - FIXED-LENGTH DATA ELEMENTS--GENERAL INFORMATION | |
| fixed length control field | 011121s2002 maua 001 0 eng |
| 010 ## - LIBRARY OF CONGRESS CONTROL NUMBER | |
| LC control number | 2001058189 |
| 020 ## - INTERNATIONAL STANDARD BOOK NUMBER | |
| International Standard Book Number | 0763702366 (pbk.) |
| 040 ## - CATALOGING SOURCE | |
| Original cataloging agency | DLC |
| Transcribing agency | DLC |
| Modifying agency | DLC |
| 042 ## - AUTHENTICATION CODE | |
| Authentication code | pcc |
| 050 00 - LIBRARY OF CONGRESS CALL NUMBER | |
| Classification number | RC87 |
| Item number | .N3 2002 |
| 082 00 - DEWEY DECIMAL CLASSIFICATION NUMBER | |
| Classification number | 616.0252 |
| Item number | GOO |
| 110 2# - MAIN ENTRY--CORPORATE NAME | |
| Corporate name or jurisdiction name as entry element | National Safety Council. |
| 9 (RLIN) | 21358 |
| 245 10 - TITLE STATEMENT | |
| Title | Good Samaritan : |
| Remainder of title | Helping in an Emergency / |
| Statement of responsibility, etc | National Safety Council. |
| 250 ## - EDITION STATEMENT | |
| Edition statement | 4th ed. |
| 260 ## - PUBLICATION, DISTRIBUTION, ETC. (IMPRINT) | |
| Place of publication, distribution, etc | Sudbury, Mass. : |
| Name of publisher, distributor, etc | Jones and Bartlett Publishers, 2002 |
| Date of publication, distribution, etc | c2002. |
| 300 ## - PHYSICAL DESCRIPTION | |
| Extent | 31 p. : |
| Other physical details | col. ill. ; |
| Dimensions | 17 cm. |
| 500 ## - GENERAL NOTE | |
| General note | Includes index. |
| 650 #0 - SUBJECT ADDED ENTRY--TOPICAL TERM | |
| Topical term or geographic name as entry element | First aid in illness and injury |
| Form subdivision | Popular works. |
| 9 (RLIN) | 21359 |
| 942 ## - ADDED ENTRY ELEMENTS (KOHA) | |
| Source of classification or shelving scheme | Dewey Decimal Classification |
| Item type | |
| Withdrawn status | Item status | Source of classification or shelving scheme | Damaged status | Not for loan | Vendor | Home library | Current library | Shelving location | Date acquired | Source of acquisition | Total Checkouts | Full call number | Barcode | Date last seen | Koha item type | Total Renewals | Date last borrowed | Materials specified (bound volume or other part) |
|---|---|---|---|---|---|---|---|---|---|---|---|---|---|---|---|---|---|---|
| Dewey Decimal Classification | Donation-Gift | Central Library | Central Library | First floor | 29/11/2010 | Donation | 616.0252 GOO | 000022586 | 15/07/2025 | NB - Book (Non borrowing) | ||||||||
| Dewey Decimal Classification | Donation-Gift | Central Library | Central Library | First floor | 29/11/2010 | Donation | 3 | 616.0252 GOO | 000022599 | 15/07/2025 | Book - Borrowing | 1 | 21/04/2013 | |||||
| Dewey Decimal Classification | Donation-Gift | Central Library | Central Library | First floor | 29/11/2010 | Donation | 1 | 616.0252 GOO | 000022593 | 15/07/2025 | Book - Borrowing | 24/09/2019 | ||||||
| Dewey Decimal Classification | Donation-Gift | Central Library | Central Library | First floor | 29/11/2010 | Donation | 2 | 616.0252 GOO | 000022594 | 15/07/2025 | Book - Borrowing | 4 | 29/09/2011 | |||||
| Lost | Dewey Decimal Classification | Donation-Gift | Central Library | Central Library | First floor | 29/11/2010 | Donation | 1 | 616.0252 GOO | 000022595 | 24/06/2013 | Book - Borrowing | 07/03/2011 | Lost In Inventory_2015-8-23 | ||||
| Dewey Decimal Classification | Donation-Gift | Central Library | Central Library | First floor | 29/11/2010 | Donation | 1 | 616.0252 GOO | 000022597 | 15/07/2025 | Book - Borrowing | 1 | 10/06/2015 | |||||
| Dewey Decimal Classification | Donation-Gift | Central Library | Central Library | First floor | 29/11/2010 | Donation | 6 | 616.0252 GOO | 000022598 | 15/07/2025 | Book - Borrowing | 8 | 12/10/2019 | |||||
| Lost | Dewey Decimal Classification | Donation-Gift | Central Library | Central Library | First floor | 29/11/2010 | Donation | 1 | 616.0252 GOO | 000022601 | 23/08/2016 | Book - Borrowing | 19/04/2012 | Lost In Inventory_2017-8-25 |